Statistics for Best RBs to never lead the league in rushing yards

Click here to take the quiz!

General Stats

  • This quiz has been taken 11 times
  • The average score is 10 of 20

Answer Stats

TeamsRB% Correct
NYGTiki Barber
91%
BUF/OAK/SEAMarshawn Lynch
82%
STL/PITJerome Bettis
73%
IND/STLMarshall Faulk
73%
PIT/SEAFranco Harris
64%
JAX/NEPFred Taylor
64%
KAN/DEN/JAXJamaal Charles
64%
NYJ/WASJohn Riggins
64%
DAL/MIN/PHI/NYGHerschel Walker
55%
MIA/NYGLarry Csonka
55%
DALTony Dorsett
55%
TEN/NYJ/ARIChris Johnson
45%
TEN/DALEddie George
45%
BUF/MIAThurman Thomas
45%
TBB/ATLWarrick Dunn
45%
GBP/NOSPaul Hornung
27%
CHIBronko Nagurski
18%
BALLenny Moore
18%
CHI/NYYRed Grange
18%
DETDutch Clark
9%

Score Distribution

Percentile by Number Answered

Percent of People with Each Score

Your Score History

You have not taken this quiz